00414cam a2200169ua 45000010005000000080039000050200018000440400009000620410008000710820008000791000025000872450066001122500009001782600027001873000010002146530020002248754150213n ii |||gr||||Z||||||eng a9789381030141 cMAIN aeng a823 aJha, G. S.,eAuthor.1 aDimensions of diasporic english fictioncBy Gauri Shankar Jha a1st. aDelhi:bGNOSIS,c2011. a162p. aEnglish fiction